|
|
|
|
| LEADER |
00000nam a22000007a 4500 |
| 005 |
20190711014626.0 |
| 007 |
cr|||| |||| |
| 008 |
190711s2018 br |||||s|||| 00||0 por d |
| 020 |
|
|
|a 978-85-7789-360-7
|
| 035 |
|
|
|a 23861
|
| 040 |
|
|
|a vLex
|
| 090 |
|
|
|c 9012
|d 9012
|
| 100 |
1 |
|
|a Moreira Peixoto, Ulisses Vieira
|
| 245 |
1 |
0 |
|a Reforma Trabalhista Comentada com anl̀ise da Lei nð 13.467 e da Medida Provisr̤ia nð 808
|h [Recurso electrn̤ico] /
|c Ulisses Vieira Moreira Peixoto
|
| 256 |
|
|
|a Servicio en ln̕ea
|
| 260 |
|
|
|a San Pablo:
|b JH Mizuno,
|c 2018
|
| 300 |
|
|
|a 1 recurso electrn̤ico
|
| 500 |
|
|
|a Nos dias atuais a CLT foi alvo de mudanȧs trazidas pela Reforma Trabalhista e pela Medida Provisr̤ia nð 808, de 14 de novembro de 2017. Dessa forma estas prope̳m mudanȧs na lg̤ica da relaȯ̂ trabalhista e algumas delas vô impactar diretamente na vida do trabalhador. Essa tarefa foi levada a cabo pelo advogado e jurista Ulisses Vieira Moreira Peixoto, autor de quase trinta livros publicados por mais de dez editoras em todo Pas̕. Assim, escreveu a presente obra realizando uma abordagem de temas relevantes em relaȯ̂ ̉Reforma Trabalhista, tais como: Prevaln̊cia do negociado sobre o legislado; Ultratividade; Acordo individual para banco de horas; Liberdade sindical; Acordo individual para a jornada 12 por 36; Trabalho intermitente; Representantes dos empregados; Terceirizaȯ̂; Autn̥omos; Parcelamento de fřias; Teletrabalho; Horas “in itinere”; Intervalo intrajornada; Horas extras; Processo trabalhista. Em seguida comentou artigo por artigo da Lei nð 13.467, de 13 de julho de 2017 que alterou a CLT. Alm̌ disso, o livro em tela carrega parte prt̀ica, com modelos atualizados com a Reforma Trabalhista. E por fim traz um quadro comparativo dos artigos da CLT que mudaram em relaȯ̂ ̉Lei nð 13.467, de 13 de julho de 2017 atualizado com a Medida Provisr̤ia nð 808, de 14 de novembro de 2017. Conclusivamente, a obra em destaque auxiliar ̀o nobre operador do direito nas suas atividades jurd̕icas.
|
| 506 |
1 |
|
|a Disponible solo en los productos indicados
|d vLex Global
|d vLex Global (Academic Edition, excluding Law Schools)
|d vLex Global (U.S. Academic Edition, Law Schools)
|d vLex Global (U.S. Academic Edition, excluding Law Schools)
|d vLex Global (Academic Edition, Law Schools)
|
| 650 |
0 |
4 |
|a Derecho Laboral y Seguridad Social
|z Brasil
|
| 650 |
0 |
4 |
|a Procedimiento Laboral
|z Brasil
|
| 740 |
0 |
|
|a vLex Libros (Servicio en ln̕ea)
|
| 856 |
4 |
0 |
|u http://vlex.com/source/reforma-trabalhista-comentada-com-analise-da-lei-n-13-467-de-13-de-julho-de-2017-e-da-medida-provisoria-n-808-de-14-de-novembro-de-2017-23861
|z Acceso restringido
|
| 942 |
|
|
|c BOOK
|
| 999 |
0 |
|
|a Labor Law and Social Security
|
| 999 |
0 |
|
|a Labor Procedure
|